Representation theory : a first course /
Guardado en:
| Autor Principal: | |
|---|---|
| Otros Autores: | |
| Formato: | Libro |
| Idioma: | English |
| Publicado: |
New York :
Springer,
1999, c1991.
|
| Edición: | Corr. 9th print. |
| Series: | Graduate texts in mathematics ;
129. Graduate texts in mathematics. Readings in mathematics. |
| Etiquetas: |
Agregar Etiqueta
Sin Etiquetas, Sea el primero en etiquetar este registro!
|
| LEADER | 00908nam a22002415a 4500 | ||
|---|---|---|---|
| 001 | MAT.inmabb000266 | ||
| 008 | 960701t19991991nyua#####b####001#0#eng## | ||
| 005 | 20130304102639.0 | ||
| 245 | 1 | 0 | |a Representation theory : |b a first course / |c William Fulton, Joe Harris. |
| 250 | |a Corr. 9th print. | ||
| 260 | |a New York : |b Springer, |c 1999, c1991. | ||
| 300 | |a xv, 551 p. ; |c 24 cm. | ||
| 490 | 1 | |a Graduate texts in mathematics ; |v 129. |p Readings in mathematics | |
| 504 | |a Incluye referencias bibliográficas (p. [536]-541) e índices. | ||
| 510 | 4 | |a MR, |c 93a:20069 | |
| 020 | |a 0387974954 | ||
| 020 | |a 3540974954 (Berlin) | ||
| 100 | 1 | |a Fulton, William, |d 1939- | |
| 700 | 1 | |a Harris, Joe, |d 1951- | |
| 830 | 0 | |a Graduate texts in mathematics ; |v 129. | |
| 830 | 0 | |a Graduate texts in mathematics. |p Readings in mathematics. | |
| 084 | |a 20G05 (17B10 20G20 22E46) |2 msc2000 |9 2000 | ||
| 859 | |h 20 |i F974 |p A-7993 |b BIB. MATEMATICA | ||
